[Event "AUT-ch"]
[Site "Moesern"]
[Date "1997.??.13"]
[Round "14"]
[White "Rolletschek, Heinrich"]
[Black "Casagrande, Harald"]
[Result "0-1"]
[WhiteElo "2325"]
[BlackElo "2345"]
[PlyCount "122"]
[EventDate "1997.08.??"]

1. e4 c5 2. Nf3 Nc6 3. c3 d5 4. exd5 Qxd5 5. Na3 Nf6 6. d4 cxd4 7. Nb5 Qd8 8.
Nbxd4 Nxd4 9. Qxd4 Qxd4 10. Nxd4 a6 11. Bf4 e6 12. Be2 Nd5 13. Bg3 Bc5 14. Nb3
Be7 15. Bf3 a5 16. O-O-O a4 17. Bxd5 exd5 18. Nd4 O-O 19. h3 a3 20. b3 Bg5+ 21.
Kc2 Ra6 22. Rhe1 Bf6 23. Be5 Bh4 24. Re2 Rb6 25. f4 Re8 26. f5 Ra6 27. g3 Bd8
28. Rde1 Bd7 29. Bf4 Rxe2+ 30. Rxe2 g5 31. Bc1 Bf6 32. g4 Ra8 33. Kd3 Kg7 34.
Re1 h5 35. Nf3 hxg4 36. hxg4 Bb5+ 37. Kc2 Rh8 38. Bxg5 Bxg5 39. Nxg5 Rh2+ 40.
Kb1 Rg2 41. Nf3 Bd3+ 42. Ka1 Rxg4 43. Ne5 Rg3 44. Nxd3 Rxd3 45. Kb1 Rxc3 46.
Rd1 Rc5 47. Rd4 Kf6 48. Ra4 Kxf5 49. Rxa3 d4 50. b4 Rc4 51. Rf3+ Ke6 52. a3 f5
53. Rf1 Rc7 54. Kb2 Ke5 55. a4 d3 56. a5 f4 57. b5 Rc5 58. a6 Rxb5+ 59. Kc3
bxa6 60. Kxd3 Rb3+ 61. Ke2 f3+ 0-1

[Event "AUT-ch"]
[Site "Moesern"]
[Date "1997.??.13"]
[Round "14"]
[White "Stanec, Nikolaus"]
[Black "Lendwai, Reinhard"]
[Result "1/2-1/2"]
[WhiteElo "2465"]
[BlackElo "2375"]
[PlyCount "25"]
[EventDate "1997.08.??"]

1. c4 c5 2. Nc3 Nf6 3. g3 d5 4. cxd5 Nxd5 5. Bg2 Nc7 6. d3 e5 7. f4 exf4 8.
Bxf4 Be7 9. Nf3 O-O 10. O-O Ne6 11. Bd2 Nc6 12. Rc1 Re8 13. Kh1 1/2-1/2

[Event "AUT-ch"]
[Site "Moesern"]
[Date "1997.??.13"]
[Round "14"]
[White "Kummer, Helmut"]
[Black "Sommerbauer, Norbert"]
[Result "1/2-1/2"]
[WhiteElo "2380"]
[BlackElo "2395"]
[PlyCount "46"]
[EventDate "1997.08.??"]

1. d4 Nf6 2. c4 c5 3. d5 a6 4. a4 e5 5. Nc3 d6 6. e4 Be7 7. h3 O-O 8. Nf3 Ne8
9. g4 Nd7 10. Bd3 g6 11. Be3 Ng7 12. Qd2 Kh8 13. Rg1 Nf6 14. Kd1 Bd7 15. Bc2
Qc8 16. Qe2 Nfe8 17. Nd2 f5 18. exf5 gxf5 19. f3 Qd8 20. Rg2 Bg5 21. Nf1 e4 22.
fxe4 f4 23. Bg1 b5 1/2-1/2

[Event "AUT-ch"]
[Site "Moesern"]
[Date "1997.??.13"]
[Round "14"]
[White "Duer, Arne"]
[Black "Schroll, Gerhard"]
[Result "1-0"]
[WhiteElo "2405"]
[BlackElo "2405"]
[PlyCount "91"]
[EventDate "1997.08.??"]

1. Nf3 f5 2. d4 Nf6 3. g3 g6 4. Bg2 Bg7 5. b3 O-O 6. Bb2 c6 7. c4 d5 8. Nbd2
Ne4 9. Qc2 Na6 10. a3 Be6 11. Rc1 Bh6 12. e3 Qe8 13. Ne5 Bg7 14. Nd3 g5 15. Nf3
Rc8 16. O-O Qh5 17. Nfe5 Rf6 18. Qd1 Qe8 19. Qe2 h5 20. cxd5 Bxd5 21. f3 Nd6
22. b4 Rh6 23. e4 Be6 24. Nc5 Nxc5 25. dxc5 Nf7 26. exf5 Bxf5 27. Nxf7 Qxf7 28.
Bxg7 Qxg7 29. f4 g4 30. Rfe1 Re8 31. Qe5 Qf7 32. Bf1 h4 33. Bc4 e6 34. Bf1 hxg3
35. hxg3 Qh7 36. Bg2 Rh2 37. Qb2 Rd8 38. Rcd1 Rd5 39. Qf2 Kf8 40. b5 Qh6 41.
Rxd5 exd5 42. bxc6 bxc6 43. Qb2 Be4 44. Qb8+ Kf7 45. Qc7+ Kf8 46. Qc8+ 1-0

[Event "AUT-ch"]
[Site "Moesern"]
[Date "1997.08.16"]
[Round "15"]
[White "Mahdy, Khaled"]
[Black "Schlosser, Michael"]
[Result "1/2-1/2"]
[WhiteElo "2400"]
[BlackElo "2350"]
[PlyCount "25"]
[EventDate "1997.08.??"]

1. e4 e6 2. d4 d5 3. exd5 exd5 4. Nf3 Bd6 5. Bd3 Nc6 6. O-O Nge7 7. Re1 Bg4 8.
c3 Qd7 9. Nbd2 O-O-O 10. Nf1 f6 11. h3 Bf5 12. Ng3 Bxd3 13. Qxd3 1/2-1/2

[Event "AUT-ch"]
[Site "Moesern"]
[Date "1997.08.16"]
[Round "15"]
[White "Wittmann, Walter"]
[Black "Lehner, Oliver"]
[Result "1/2-1/2"]
[WhiteElo "2405"]
[BlackElo "2400"]
[PlyCount "58"]
[EventDate "1997.08.??"]

1. e4 c5 2. Nf3 Nc6 3. d4 cxd4 4. Nxd4 Nf6 5. Nc3 e5 6. Ndb5 d6 7. a4 a6 8. Na3
Bg4 9. Be2 Bxe2 10. Qxe2 d5 11. Bg5 dxe4 12. O-O Nd4 13. Qd1 Bxa3 14. Rxa3 Ne6
15. Bxf6 Qxd1 16. Rxd1 gxf6 17. Nxe4 Ke7 18. Rad3 Rhd8 19. Nd6 Nd4 20. Nxb7
Rdb8 21. Nc5 Rxb2 22. c3 Ne2+ 23. Kf1 Rc8 24. Rd7+ Kf8 25. Ne4 Nxc3 26. Rc1 Rb1
27. Rdd1 Nxd1 28. Rxb1 Rd8 29. Nxf6 Nc3 1/2-1/2

[Event "AUT-ch"]
[Site "Moesern"]
[Date "1997.08.16"]
[Round "15"]
[White "Casagrande, Harald"]
[Black "Stanec, Nikolaus"]
[Result "0-1"]
[WhiteElo "2345"]
[BlackElo "2465"]
[PlyCount "106"]
[EventDate "1997.08.??"]

1. d4 Nf6 2. Nf3 g6 3. Bg5 Bg7 4. c3 O-O 5. Nbd2 d5 6. e3 Nbd7 7. Bd3 Re8 8. h3
e5 9. dxe5 Nxe5 10. Nxe5 Rxe5 11. Nf3 Re8 12. O-O c6 13. Qc2 Qa5 14. Bxf6 Bxf6
15. a3 Bd7 16. Rfd1 Rad8 17. b4 Qc7 18. Rab1 Bc8 19. c4 dxc4 20. Qxc4 Qe7 21.
Qb3 Rd6 22. Bc4 Red8 23. Rxd6 Rxd6 24. Rd1 Rxd1+ 25. Qxd1 a5 26. Qb3 b5 27. Bd3
Be6 28. Qc2 Bd7 29. Qb3 axb4 30. axb4 Qd6 31. Ne1 Be6 32. Qa3 Bd5 33. Be2 Be7
34. Nd3 Bc4 35. Qc3 Bf6 36. Qc2 Be7 37. Bf1 Qf6 38. Qb1 Qc3 39. g3 Kf8 40. h4
h5 41. Qd1 Kg8 42. Qb1 Bd6 43. Qd1 Bxb4 44. Nxb4 Qxb4 45. Bg2 Qc5 46. g4 hxg4
47. Qxg4 Be6 48. Qg3 Kh7 49. h5 Qxh5 50. Bxc6 b4 51. Bf3 Qc5 52. e4 b3 53. e5
Qd4 0-1

[Event "AUT-ch"]
[Site "Moesern"]
[Date "1997.08.16"]
[Round "15"]
[White "Weinzettl, Ernst"]
[Black "Rolletschek, Heinrich"]
[Result "1-0"]
[WhiteElo "2410"]
[BlackElo "2325"]
[PlyCount "55"]
[EventDate "1997.08.??"]

1. e4 e5 2. Nf3 Nc6 3. Nc3 g6 4. d4 exd4 5. Nxd4 Bg7 6. Be3 Nf6 7. Qd2 O-O 8.
O-O-O Ng4 9. Nxc6 bxc6 10. Bd4 Bxd4 11. Qxd4 Qf6 12. Qxf6 Nxf6 13. g3 Re8 14.
Bg2 d6 15. Rhe1 Bb7 16. e5 Rxe5 17. Rxe5 dxe5 18. Na4 Ba6 19. Nc5 Bc4 20. Bxc6
Rb8 21. Nd7 Nxd7 22. Rxd7 a6 23. Rxc7 Rb6 24. b3 Bb5 25. Bd5 Rf6 26. c4 Be8 27.
f3 g5 28. Re7 1-0